Miasta Polskie na Literę D - Statystyki

Ogólne statystyki
  • Ten quiz został rozwiązany 130 razy
    57 od ostatniego zresetowania
  • Średni wynik to 9 z 38
Statystyki odpowiedzi
Województwo Miasto % Poprawnych
śląskie Dąbrowa Górnicza
80%
zachodniopomorskie Darłowo
78%
podkarpackie Dębica
53%
lubelskie Dęblin
53%
zachodniopomorskie Drawsko Pomorskie
45%
zachodniopomorskie Dębno
43%
dolnośląskie Dzierżoniów
43%
podlaskie Dąbrowa Białostocka
38%
małopolskie Dąbrowa Tarnowska
38%
zachodniopomorskie Dziwnów
35%
świętokrzyskie Daleszyce
28%
mazowieckie Dobre
28%
warmińsko-mazurskie Dobre Miasto
28%
warmińsko-mazurskie Działdowo
28%
wielkopolskie Dobra
25%
zachodniopomorskie Dobra
25%
łódzkie Działoszyn
23%
wielkopolskie Dąbie
20%
pomorskie Debrzno
20%
lubuskie Drezdenko
20%
pomorskie Dzierzgoń
18%
wielkopolskie Dobrzyca
15%
podkarpackie Dukla
15%
kujawsko-pomorskie Dobrzyń nad Wisłą
13%
zachodniopomorskie Drawno
13%
dolnośląskie Duszniki-Zdrój
13%
podkarpackie Dynów
13%
świętokrzyskie Działoszyce
13%
łódzkie Dąbrowice
10%
wielkopolskie Dolsk
10%
łódzkie Drzewica
10%
małopolskie Dobczyce
8%
lubuskie Dobiegniew
8%
opolskie Dobrodzień
8%
mazowieckie Drobin
8%
podlaskie Drohiczyn
8%
podkarpackie Dubiecko
5%
zachodniopomorskie Dobrzany
3%
Nie znaleziono quizów pasujących do podanych kryteriów
Rozkład punktacji
Procent ludzi z każdym wynikiem
Percentyl według liczby udzielonych odpowiedzi
Twoja historia wyników
Nie rozwiązałeś tego quizu od ostatniego zresetowania